000
00255nam a2200097Ia 4500
001
1212129
005
20250827024449.0
008
250824s9999 xx 000 0 und d
245
0
_a
AYASOFYANIN GİZLİ TARİHİ
_c
PELİN ÇİFT
260
_b
DESTEK YAYINLARI
999
_c
1212129
_d
1212129